Countries Starting With U - Statistics

General Stats
  • This quiz has been taken 46 times
  • The average score is 6 of 7
Answer Stats
Country % Correct
United Kingdom
95%
Uruguay
95%
Uganda
92%
United States
92%
United Arab Emirates
87%
Uzbekistan
82%
Ukraine
79%
No matching quizzes found
Score Distribution
Percent of People with Each Score
Percentile by Number Answered
Your Score History
You have not taken this quiz